000 01136nam a22003497a 4500
003 CHAP
005 20220817042234.0
008 971013s1975 r 00010 d
010 _a38374
011 _a39346
035 _a43466
040 _cCHAP
082 _a146.3
_bP4Y
100 0 0 _aPelletier, Antoine.
_986627
245 _aMaterialismo histórico e historia de las civilizaciones
260 _aMéxico :
_bGrijalbo,
_c1975
300 _a204 p.
490 _aTeoría y praxis
590 _aBATCH-UPD
_b10
_c20130110
_lUCH01
_h1012
590 _aBATCH-UPD
_b10
_c20130410
_lUCH01
_h0620
590 _aBATCH-UPD
_b10
_c20130914
_lUCH01
_h0945
590 _aCONVERSION
_b10
_c20130109
_lUCH01
_h1321
650 1 4 _aCivilización
_xHistoria.
_923565
650 1 4 _aHistoria
_xFilosofía.
_955604
650 1 4 _aMaterialismo dialéctico.
700 0 _aGoblot, Jean-Jacques.
_948429
830 0 _aTeoría y praxis
_9112315
901 _aBK
942 _cLIBRO
949 _a146.3 P4Y
_bBC
_cLIBRO
_d33724000273843
_eLIBRO
_fc.3
_h45302
_i43466
_si
_t79.00
949 _a146.3 P4Y
_bBC
_cLIBRO
_d33724000274304
_eLIBRO
_fc.2
_h44125
_i43466
_si
_t79.00
999 _c38374
_d38374